| 000 | 00802nam0a22002291 4500 | ||
|---|---|---|---|
| 001 | rc\2915959 | ||
| 005 | 20110810142228.3 | ||
| 035 | _a(NLR Aleph) 007066381 | ||
| 090 |
_a6336798 _c6336798 |
||
| 100 | _a20110810d1938 |||y0rusy50 ca | ||
| 101 | 0 | _arus | |
| 102 | _aRU | ||
| 105 | _aa z ||||y | ||
| 200 | 1 |
_aПо поводу так называемого вопроса о рынках _eРукопись 1893 г. _fИн-т Маркса-Энгельса-Ленина при ЦК ВКП(б) |
|
| 210 |
_a[Москва] _cПартиздат _d1938 |
||
| 215 |
_a55 с., 3 вкл. л. ил. _cил. _d22 см |
||
| 700 | 1 |
_aЛенин _bВ. И. _f1870-1924 _gВладимир Ильич |
|
| 801 | 0 |
_aRU _bNLR _gpsbo |
|
| 801 | 1 |
_aRU _bELAR _2rusmarc |
|
| 852 |
_aNLR _bЛ _j1-93/1-2 |
||
| 942 | _cBOOK | ||
| 980 | _aNB | ||